Pays visités par Emmanuel Macron - Statistiques

Statistiques générales
  • Ce quiz a été pris 5 965 fois
    681 depuis la dernière actualisation
  • Le résultat moyen est 66 sur 94
Statistiques - réponses
Visites Première visite Pays visité % Correct
11 18 septembre 2017 Etats-Unis
98%
34 15 mai 2017 Allemagne
96%
55 25 mai 2017 Belgique
96%
4 24 mai 2018 Russie
96%
6 26 juillet 2018 Espagne
95%
3 8 janvier 2018 Chine
94%
3 26 juin 2019 Japon
94%
2 6 décembre 2017 Algérie
93%
11 26 mai 2017 Italie
93%
3 14 juin 2017 Maroc
93%
12 18 janvier 2018 Royaume-Uni
93%
3 6 juin 2018 Canada
92%
2 26 mars 2024 Brésil
91%
2 17 novembre 2017 Suède
89%
6 10 juillet 2017 Suisse
89%
3 8 février 2022 Ukraine
89%
2 28 novembre 2018 Argentine
87%
3 9 mars 2018 Inde
87%
1 23 juin 2025 Norvège
87%
4 27 juillet 2018 Portugal
87%
1 30 août 2018 Finlande
86%
3 3 février 2020 Pologne
86%
1 1er mai 2018 Australie
85%
5 27 janvier 2019 Egypte
85%
3 31 janvier 2018 Tunisie
84%
1 28 mai 2021 Afrique du Sud
83%
2 6 septembre 2017 Grèce
83%
3 9 novembre 2017 Arabie Saoudite
81%
5 7 décembre 2017 Qatar
81%
1 27 octobre 2018 Turquie
81%
1 13 septembre 2019 Andorre
79%
2 23 août 2017 Autriche
79%
4 8 novembre 2017 Emirats Arabes Unis
79%
1 26 août 2020 Irlande
79%
2 21 janvier 2020 Israel
79%
5 21 mars 2018 Pays-Bas
79%
1 2 février 2018 Sénégal
79%
4 26 juin 2018 Vatican
79%
3 28 août 2018 Danemark
78%
3 28 août 2017 Luxembourg
78%
2 23 janvier 2025 Monaco
78%
1 4 mars 2023 Rép. Dém. du Congo
77%
2 13 décembre 2021 Hongrie
76%
2 26 octobre 2018 Slovaquie
76%
2 5 octobre 2021 Slovénie
76%
1 24 novembre 2021 Croatie
75%
3 24 août 2017 Roumanie
75%
1 28 septembre 2017 Estonie
74%
2 19 mai 2017 Mali
74%
1 3 mars 2023 République du Congo
74%
2 15 juillet 2019 Serbie
74%
2 14 novembre 2022 Indonésie
73%
1 29 septembre 2020 Lettonie
73%
2 28 septembre 2020 Lituanie
73%
2 25 août 2017 Bulgarie
70%
1 20 novembre 2024 Chili
70%
1 25 mai 2025 Vietnam
70%
3 26 octobre 2018 République Tchèque
69%
2 2 septembre 2020 Irak
68%
3 6 décembre 2022 Albanie
67%
1 16 mai 2023 Islande
67%
2 22 décembre 2017 Niger
66%
1 16 novembre 2022 Thaïlande
66%
3 6 août 2020 Liban
65%
1 23 avril 2025 Madagascar
62%
1 3 juillet 2018 Nigeria
62%
2 29 novembre 2017 Côte d'Ivoire
60%
2 14 juin 2019 Malte
59%
3 15 juin 2022 Moldavie
57%
1 10 octobre 2018 Arménie
56%
1 25 juillet 2022 Cameroun
56%
2 29 janvier 2019 Chypre
55%
1 1er novembre 2023 Kazakhstan
55%
2 22 décembre 2018 Tchad
55%
2 12 mars 2019 Ethiopie
53%
1 21 mai 2023 Mongolie
53%
3 20 décembre 2022 Jordanie
52%
1 13 mars 2019 Kenya
52%
2 2 juillet 2018 Mauritanie
50%
1 29 mai 2025 Singapour
50%
1 28 novembre 2017 Burkina Faso
47%
1 1er mars 2023 Gabon
47%
1 30 novembre 2017 Ghana
44%
1 3 mars 2023 Angola
43%
1 26 juillet 2022 Bénin
43%
2 12 mars 2019 Djibouti
42%
1 10 septembre 2023 Bangladesh
41%
1 27 mai 2021 Rwanda
41%
1 2 novembre 2023 Ouzbékistan
40%
1 27 juillet 2022 Guinée-Bissau
36%
1 29 juillet 2023 Sri Lanka
34%
2 * 22 janvier 2020 * Palestine
30%
1 28 juillet 2023 Papouasie-Nvl-Guinée
23%
1 27 juillet 2023 Vanuatu
23%
Aucun quiz correspondant
Distribution des résultats
% des personnes avec chaque résultat
Percentile par nombre de réponses
Votre historique - résultats
Vous n’avez pas pris ce quiz depuis la dernière actualisation